000 01026nam a2200313 4500
003 OSt
005 20260530113849.0
008 260420b1999 ag a|||| |||| 00| 0 spa d
020 _a9879637062
040 _aICI
_bspa
_cICI
041 1 _aspa
_hita
050 _a NK1510
_bB6518
100 1 _aBonsiepe, Gui
_d1934
_931098
240 1 0 _a Dall'oggetto all'interfaccia
_lEspañol
245 1 0 _aDel objeto a la interfase
_bmutaciones del diseño /
_cGui Bonsiepe ; vers. castellana de la ed. italiana, Luisa Dorazio
246 1 3 _aMutaciones del diseño
264 1 _bInfinito
_c1999
_aBuenos Aires
300 _a197 páginas
_bilustraciones
_c23.0 cm.
336 _atexto
_2rdacontent
337 _asin medio
_2rdamedia
338 _avolumen
_2rdacarrier
490 _aBiblioteca de diseño
500 _aTraducción de: Dall'oggetto all'interfaccia
650 4 _a Diseño
_92672
650 4 _aArtes gráficas
_919721
650 4 _aArte comercial
_931099
700 1 _aDorazio, Luisa
_etraductor
_931100
942 _2ddc
_cBK
999 _c11407
_d11407